| 000 | 02136nam0a2200457 4500 | ||
|---|---|---|---|
| 001 | RU\NLR\bibl\200183 | ||
| 005 | 20260407105056.0 | ||
| 010 |
_a5-89176-096-7 _bВ пер. _9500 |
||
| 021 |
_aRU _b2001-7072 _9338 |
||
| 035 | _a(NLR Aleph) 000196557 | ||
| 090 |
_a1138117 _c1138117 |
||
| 100 | _a20010926d2000 |||y0rusy50 ca | ||
| 101 | 0 | _arus | |
| 102 | _aRU | ||
| 105 | _aa ||||||||| | ||
| 200 | 1 |
_aГлобальные изменения природной среды _e(Климат и вод. режим) _e[Сб. ст.] _fМГУ им. М. В. Ломоносова. Геогр. фак., Рос. акад. естеств. наук, Секция наук об окружающей среде _g[Редкол.: Н. С. Касимов (отв. ред.) и др.] |
|
| 210 |
_aМ. _cНауч. мир _d2000 |
||
| 215 |
_a303,[1] с. _cил. _d22 |
||
| 300 | _aЗагл. на доп.тит.л.: Global variations of the environment. | ||
| 300 | _aАвт. указаны в огл. | ||
| 300 | _aНа авантит.: К 10-летию Рос. акад. естеств. наук | ||
| 300 | _aПредисл. парал.: рус., англ. | ||
| 320 | _aБиблиогр. в конце разд. | ||
| 513 | 0 | _aGlobal variations of the environment | |
| 606 | 0 |
_aГидроклиматические условия _jСборники _xИзменение _92231546 _3RU\NLR\auth\661339386 |
|
| 610 | 0 | _aКлимат - Изменения | |
| 610 | 0 | _aВодные ресурсы - Значение антропического фактора | |
| 610 | 0 | _aВода - Круговорот в природе - Изменения | |
| 675 |
_a551.583+556.18 _v3 _zrus |
||
| 686 |
_a37.23 _2rugasnti |
||
| 686 |
_a26.23 _2rubbk |
||
| 686 | _aД247.6я43 | ||
| 686 | _aД220я43 | ||
| 702 | 1 |
_aКасимов _bН. С. _4340 |
|
| 712 | 0 | 2 |
_4570 _aМГУ им. М. В. Ломоносова _bГеографический факультет _9367859 _3RU\NLR\AUTH\889936526 |
| 801 | 0 |
_aRU _bRKP _c20010926 _gPSBO |
|
| 801 | 1 |
_aRU _bRKP _c20010926 |
|
| 801 | 2 |
_aRU _bNLR _c20040106 _grcr |
|
| 942 | _cBOOK | ||
| 980 | _aNB | ||